Zlepšený spôsob sadenia a ošetrovania viniča

Bibliographic Details
Main Author: Török, Alexander (Author)
Format: Article
Language:Slovak
Subjects:

MARC

LEADER 00000nab a2200000 a 4500
001 vtls000193421
003 SK-MaSNL
005 20260302205405.0
008 111106c1984 xo 0 slo
015 |a SNBRB19rr/mm-uuuuu 
035 |a CL0203534 
040 |a SNKBUCL  |b slo  |c SNKBUCL  |e AACR2 
041 0 |a slo 
044 |a xo  |c SK 
080 |a 634.8.04  |2 1981 
100 1 |a Török, Alexander  |4 aut  |9 921030 
245 1 0 |a Zlepšený spôsob sadenia a ošetrovania viniča  |c Alexander Török 
650 0 7 |a vinič hroznorodý  |2 snkbucl  |9 15944 
655 7 |a články z novín a časopisov  |2 snkbucl  |9 267496 
773 0 |t Vinohrad  |g Roč. 22, č. 9 (1984), s. 201 
850 |a Slovenská národná knižnica v Martine  |a MTA001 
852 |a SNK  |b KIS3GCP 
958 |a RK 
992 |a RBX 
999 |c 1477549  |d 1479479